000 00718nam a2200241Ia 4500
003 OSt
005 20251217164322.0
008 210210b2008 xxu||||| |||| 00| 0 eng d
040 _cAL
041 _aKannada
082 _a398.2K PURJ
100 _aPURUSHOTTAMA BILIMALE
_dಪುರುಷೋತ್ತಮ ಬಿಳಿಮಲೆ
_9249409
245 _aJana samskrati: Janapada lekhanagalu
_bಜನ ಸಂಸ್ಕೃತಿ: ಜನಪದ ಲೇಖನಗಳು
260 _aBengaLUru
_b-
_c2008
300 _avi,130
650 _asamskrati:
_9249410
650 _alekhanagaLu
_9249411
650 _aJAnapada
_9249412
650 _aJana
_9249413
690 _aFolklore
_9249414
906 _a068343
942 _2ddc
_cBK
999 _c152614
_d152614